Энергоэкономические тенденции развития производства / (Record no. 74759)
[ view plain ]
| 000 -LEADER | |
|---|---|
| fixed length control field | 01122-am-a2200253-a-4500 |
| 001 - CONTROL NUMBER | |
| control field | 000213644 |
| 003 - CONTROL NUMBER IDENTIFIER | |
| control field | AM-YeHGA |
| 005 - DATE AND TIME OF LATEST TRANSACTION | |
| control field | 20250617124211.0 |
| 008 - FIXED-LENGTH DATA ELEMENTS--GENERAL INFORMATION | |
| fixed length control field | 950720s1985 xxu 000 0 ||| u |
| 020 ## - INTERNATIONAL STANDARD BOOK NUMBER | |
| Terms of availability | 00.95 |
| 040 ## - CATALOGING SOURCE | |
| Original cataloging agency | AM-YeHGA |
| 090 ## - LOCALLY ASSIGNED LC-TYPE CALL NUMBER (OCLC); LOCAL CALL NUMBER (RLIN) | |
| -- | 75984 |
| 100 10 - MAIN ENTRY--PERSONAL NAME | |
| Personal name | Дейч, Илья Гиршевич |
| 245 10 - TITLE STATEMENT | |
| Title | Энергоэкономические тенденции развития производства / |
| Statement of responsibility, etc. | И.Г. Дейч ; Отв. ред. В.Э. Попов. |
| 260 0# - PUBLICATION, DISTRIBUTION, ETC. | |
| Place of publication, distribution, etc. | Москва : |
| Name of publisher, distributor, etc. | Наука , |
| Date of publication, distribution, etc. | 1985. |
| 300 ## - PHYSICAL DESCRIPTION | |
| Extent | 176 с. ; |
| Dimensions | 20 см. |
| 440 #0 - SERIES STATEMENT/ADDED ENTRY--TITLE | |
| Title | Проблемы советской экономики |
| 500 ## - GENERAL NOTE | |
| General note | ամբողջապես կամ մեկ օրացույցային տարվա ընթացքում հրատարակվող մենագրություն 1985 |
| 500 ## - GENERAL NOTE | |
| General note | այլ |
| 500 ## - GENERAL NOTE | |
| General note | В надзаг.: АН СССР, Урал. науч. центр, Ин-т экономики |
| 500 ## - GENERAL NOTE | |
| General note | Библиогр.: с. 174-175 (39 назв.) |
| 650 #4 - SUBJECT ADDED ENTRY--TOPICAL TERM | |
| Topical term or geographic name entry element | Энергетика - Технико-экономические расчеты |
| 700 1# - ADDED ENTRY--PERSONAL NAME | |
| Personal name | Попов, В.Э. |
| Relationship | edt |
| Withdrawn status | Lost status | Source of classification or shelving scheme | Damaged status | Not for loan | Collection | Home library | Current library | Date acquired | Total checkouts | Full call number | Barcode | Date last seen | Price effective from | Koha item type | Public note |
|---|---|---|---|---|---|---|---|---|---|---|---|---|---|---|---|
| Universal Decimal Classification | General | Fundamental Scientific Library | Fundamental Scientific Library | 22/12/2016 | PII/537502 | FL0161384 | 22/12/2016 | 22/12/2016 | Գրքեր / Books | 30 Days Loan | |||||
| Universal Decimal Classification | General | Fundamental Scientific Library | Fundamental Scientific Library | 22/12/2016 | PII/542691 | FL0152490 | 22/12/2016 | 22/12/2016 | Գրքեր / Books | 30 Days Loan |
ՀՀ Գիտությունների ազգային ակադեմիայի հիմնարար գիտական գրադարան = Fundamental Scientific Library of NAS RA
All site content, except where otherwise noted, is licensed under a